00265nam a22001217a 4500008004100000020001800041041000800059080001000067082001000077100000700087101000800094245004100102210302b ||||| |||| 00| 0 eng d a9781599700724 aalb a159.9 a159.9 a48 aPSI aRruga drejt LumturisecHubbard, L. R